Coping and pulling through : action processes in vulnerable situations /

Bibliographic Details
Other Authors: Châtel, Vivianne, Soulet, Marc-Henry
Format: Book
Language:English
Published: Aldershot, Hants ; Burlington, Vt. : Ashgate, [2004]
Series:Contemporary trends in European social sciences.
Subjects:
Online Access:Table of contents

MARC

Tag First Indicator Second Indicator Subfields
LEADER 00000pam a22000004a 4500
001 in00002000378
005 20151031125313.0
008 031113s2004 enk b 001 0 eng
010 |a  2003025121 
020 |a 0754634671 (alk. paper) 
035 |a (OCoLC)ocm53469652 
040 |a DLC  |c DLC  |d UtOrBLW 
041 1 |a eng  |h fre 
042 |a pcc 
049 |a TXAM 
050 0 0 |a HM1136  |b .C66 2004 
082 0 0 |a 305.5/6  |2 22 
245 0 0 |a Coping and pulling through :  |b action processes in vulnerable situations /  |c edited by Vivianne Châtel, Marc-Henry Soulet ; translation by Margaret Lainsbury ; revised by John Richardson. 
264 1 |a Aldershot, Hants ;  |a Burlington, Vt. :  |b Ashgate,  |c [2004] 
264 4 |c ©2004 
300 |a 169 pages ;  |c 24 cm. 
336 |a text  |b txt  |2 rdacontent 
337 |a unmediated  |b n  |2 rdamedia 
338 |a volume  |b nc  |2 rdacarrier 
490 1 |a ICCR contemporary trends in European social sciences 
504 |a Includes bibliographical references and index. 
505 0 |a Introduction / Vivianne Châtel and Marc-Henry Soulet -- Acting in a situation of social vulnerability: constructing the problem / Vivianne Châtel -- Capital thinking and social vulnerability: the effects of flexible assignation / Daniel Mercure -- Individuals without supports / Robert Castel -- Is the juridical establishment of the principle of the respect of human dignity effective? / Jacques Fierens -- Reconstructive ethics, political justice and social vulnerability / Jean-Marc Ferry -- Exclusion and assertion of citizenship / Giovanna Procacci -- Occupational precariousness and political mobilisation / Serge Paugam -- Continuity of identity and survival / Danièle Laberge and Shirley Roy -- Social action and domination / Franz Schultheis -- Facing social vulnerability and coming through: towards a theory of weak acting / Marc-Henry Soulet. 
650 0 |a Marginality, Social. 
650 0 |a Social psychology. 
700 1 |a Châtel, Vivianne. 
700 1 |a Soulet, Marc-Henry. 
830 0 |a Contemporary trends in European social sciences. 
856 4 1 |3 Table of contents  |u http://www.loc.gov/catdir/toc/ecip0411/2003025121.html  |t 0 
945 |i PromptCat 
948 |a cataloged  |b h  |c 2004/10/27  |d c  |e eneff  |f 12:21:21 pm 
994 |a 92  |b TXA 
999 |a MARS 
999 f f |s e65cecf3-db0b-38b5-86f7-e42bd0b11e76  |i 1568f166-81ae-3743-ad1d-89807b5874f6  |t 0 
952 f f |p ric  |a Texas A&M University  |b Rellis Campus  |c Joint Library Facility  |d Remote Storage  |t 0  |e HM1136 .C66 2004  |h Library of Congress classification  |i unmediated -- volume  |m A14832224831 
998 f f |a HM1136 .C66 2004  |t 0  |l Remote Storage